[Event "XVI ch-NATO"]
[Site "Kolobrzeg POL"]
[Date "2005.08.25"]
[Round "5"]
[White "Rau,H"]
[Black "Nielsen,JM"]
[Result "1-0"]
[WhiteElo "2421"]
[BlackElo "2123"]

1.d4 d5 2.c4 c6 3.Nf3 Nf6 4.Nc3 a6 5.e3 b5 6.b3 Bg4 7.Bd3 e6 8.O-O Nbd7 9.Bb2 Bd6
10.Rc1 bxc4 11.bxc4 Bxh2+ 12.Kxh2 Qb8+ 13.Kg1 Qxb2 14.Qa4 Bxf3 15.gxf3 O-O
16.Rc2 Qb8 17.Rb1 Qd6 18.c5 Qc7 19.Rcb2 Rfb8 20.Rxb8+ Nxb8 21.Qb3 Nfd7 22.Qb7 Ra7
23.Qxc7 Rxc7 24.f4 g6 25.Rb4 Kf8 26.a3 Ra7 27.Ra4 a5 28.Na2 Nf6 29.Nc1 Ne8
30.Nb3 Nc7 31.Rxa5 Rxa5 32.Nxa5 Ke7 33.Kg2 Kd7 34.f3 f5 35.Kg3 Nb5 36.Bxb5 cxb5
37.Kh4 h6 38.Nb7 Nc6 39.Nd6 b4 40.axb4 Nxb4 41.Nf7 Ke7 42.Nxh6 Kf6 43.Ng8+ Kf7
44.Kg5 Nc6 45.Nf6 Nd8  1-0

[Event "49th TCh-ESP Honor 1"]
[Site "Merida ESP"]
[Date "2005.08.27"]
[Round "4"]
[White "Van Wely,L"]
[Black "Karjakin,Sergey"]
[Result "1-0"]
[WhiteElo "2655"]
[BlackElo "2645"]

1.d4 d5 2.c4 c6 3.Nc3 Nf6 4.Nf3 a6 5.a4 e6 6.Bg5 Nbd7 7.Qc2 h6 8.Bh4 Qa5
9.e3 Ne4 10.Bd3 f5 11.O-O Bd6 12.c5 Bb8 13.Bxe4 fxe4 14.Nd2 O-O 15.f3 exf3
16.Nxf3 Rf7 17.Rf2 Nf8 18.b4 Qc7 19.Ne5 Rxf2 20.Qxf2 g5 21.Bg3 Qg7 22.Rf1 Bc7
23.Ng4 e5 24.Nf6+  1-0

[Event "Premiership International"]
[Site "Coulsdon ENG"]
[Date "2005.08.30"]
[Round "2"]
[White "Bigg,A"]
[Black "Szuhanek,R"]
[Result "1/2-1/2"]
[WhiteElo "2277"]
[BlackElo "2444"]

1.d4 d5 2.Nf3 c6 3.c4 Nf6 4.Nc3 a6 5.Bg5 dxc4 6.a4 Nd5 7.e4 Nxc3 8.bxc3 b5
9.Qb1 f6 10.Be3 e6 11.Be2 Be7 12.O-O Qd7 13.Rd1 Bb7 14.Ra2 O-O 15.Bxc4 bxc4
16.Rb2 Bc8 17.Rxb8 Rxb8 18.Qxb8 c5 19.Qb1 Qxa4 20.dxc5 Bb7 21.Re1 Qb5 22.Qxb5 axb5
23.Nd4 Bxe4 24.Nxe6 Ra8 25.Bd4 Kf7 26.Nxg7 Kxg7 27.f3 Rc8 28.Rxe4 Bxc5 29.Bxc5 Rxc5
30.Re7+ Kg6 31.Rb7 Rd5 32.Kf2 Rd3 33.Rxb5 Rxc3 34.Kg3 Rc2 35.h4 h5 36.Rc5 c3
37.Kf4 Rxg2 38.Rxc3 Rh2 39.Kg3  1/2-1/2

[Event "13th Open"]
[Site "Nikaia GRE"]
[Date "2005.08.30"]
[Round "9"]
[White "Obodchuk,A"]
[Black "Svetushkin,D"]
[Result "1/2-1/2"]
[WhiteElo "2438"]
[BlackElo "2514"]

1.d4 d5 2.Nf3 Nf6 3.c4 c6 4.Nc3 a6 5.c5 Nbd7 6.Bf4 Nh5 7.Bd2 Nhf6 8.Qc2 Qc7
9.e4 Nxe4 10.Nxe4 dxe4 11.Qxe4 Nf6 12.Qe5 Nd5 13.Bc4 Qxe5+ 14.dxe5 Bf5 15.Nd4 e6
16.Nxf5 exf5 17.b4 O-O-O 18.O-O-O Be7 19.Rhe1 Rhe8 20.a3 Bf8 21.Kc2 g6 22.g3 Bg7
23.f4 Rd7 24.Bc1 Red8 25.Rd3 Bf8 26.Bd2 a5 27.e6 fxe6 28.Rxe6 Re7 29.Rxe7 Bxe7
30.Bc3 Nxc3 31.Be6+ Kc7 32.Rxd8 Kxd8 33.Kxc3 Bf6+ 34.Kb3 axb4 35.axb4 Bd4
36.g4 fxg4 37.Bxg4 h5 38.Bf3 Ke7 39.f5 gxf5 40.Bxh5 Kf6 41.Kc4 Bg1 42.b5 cxb5+  1/2-1/2

[Event "Operation Capablanca"]
[Site "Vienna AUT"]
[Date "2005.08.30"]
[Round "7"]
[White "Beckhuis,G"]
[Black "Braun,A"]
[Result "0-1"]
[WhiteElo "2324"]
[BlackElo "2475"]

1.d4 Nf6 2.Nf3 d5 3.c4 c6 4.Nc3 a6 5.c5 Nbd7 6.Bf4 Nh5 7.e3 b6 8.cxb6 Nxf4
9.exf4 e6 10.Bd3 Qxb6 11.O-O Qxb2 12.Na4 Qa3 13.Re1 g6 14.Re3 Qd6 15.f5 gxf5
16.Bxf5 Bh6 17.Re2 Rb8 18.Qc2 Rb4 19.Rae1 Rc4 20.Qb3 Ke7 21.Nh4 Kd8 22.Qh3 Rxa4
23.Bxe6 fxe6 24.Rxe6 Qf4 25.g3 Qxd4 26.Nf5 Qg4 27.Qxg4 Rxg4 28.Nxh6 Rg7 29.f4 Kc7
30.Nf5 Rg6 31.Re7 c5 32.h4 h5 33.Kf2 d4 34.Ng7 Kc6 35.Kf3 Nb6 36.f5 Rf6 37.g4 hxg4+
38.Kxg4 Nd5 39.Re8 Rxe8 40.Rxe8 Bd7 41.Re1 Rg6+  0-1

[Event "65th New England Open"]
[Site "Boxborough USA"]
[Date "2005.09.04"]
[Round "3"]
[White "Yanayt,E"]
[Black "Winer,S"]
[Result "1/2-1/2"]
[WhiteElo "2221"]
[BlackElo "2386"]

1.Nf3 d5 2.d4 Nf6 3.c4 c6 4.Nc3 a6 5.cxd5 cxd5 6.Qb3 e6 7.Bg5 Be7 8.e3 Nbd7
9.Bd3 b5 10.O-O O-O 11.a4 b4 12.Nb1 a5 13.Nbd2 Bb7 14.Rfc1 Qb6 15.Ne5 Bd6  1/2-1/2

[Event "ProMoPro Open"]
[Site "Prague CZE"]
[Date "2005.09.15"]
[Round "1"]
[White "Tejkal,J"]
[Black "Londyn,R"]
[Result "1-0"]
[WhiteElo "2033"]
[BlackElo "2350"]

1.d4 d5 2.Nf3 Nf6 3.c4 c6 4.Nc3 a6 5.cxd5 cxd5 6.Bf4 Ne4 7.Nxe4 dxe4 8.Ng5 Qd5
9.Qc2 Bf5 10.g4 Nc6 11.gxf5 e5 12.fxe6 Bb4+ 13.Bd2 Nxd4 14.exf7+ Kd8 15.Qd1 Rc8
16.Ne6+ Ke7 17.Bxb4+ Kxe6 18.Bh3+ Kxf7 19.Bc3 Rc4 20.Bxd4 Rxd4 21.Qb3 Qxb3
22.axb3 Rb4 23.Ra3 Rd8 24.e3 Rd3 25.Bf1 Rd6 26.Bc4+ Kf6 27.Ra4 Rbb6 28.Bg8 Rd8
29.Bxh7 Rxb3 30.Ra2 Rb4 31.Rg1 Rh8 32.Bg6 Rxh2 33.Be8 g5 34.Ba4 Rh8 35.Bd1 Rb6
36.b3 Rd6 37.Rd2 Rxd2 38.Kxd2 Rh2 39.Ke2 Kf5 40.Bc2 g4 41.Kf1 Rh7 42.Bd1 Rg7
43.Kg2 g3 44.fxg3 Rd7 45.Rf1+ Ke5 46.g4 Rd2+ 47.Kg3 Rd3 48.Re1 Rd2 49.Kh4 a5
50.Kg5 b5 51.Kg6 Rb2 52.g5 Rb1 53.Rf1 b4 54.Rf5+ Kd6 55.Bg4 Rxb3 56.Rxa5 Rxe3
57.Rb5 Rg3 58.Kf5 e3 59.Rxb4 Kc5 60.Re4 Kd5 61.Re8  1-0

[Event "EYb16"]
[Site "Herceg Novi SCG"]
[Date "2005.09.17"]
[Round "4"]
[White "Pachta,P"]
[Black "Nikologorsky,M"]
[Result "1-0"]
[WhiteElo "2201"]
[BlackElo "2088"]

1.d4 d5 2.c4 c6 3.Nc3 Nf6 4.Nf3 a6 5.cxd5 cxd5 6.Bf4 Nc6 7.e3 Bf5 8.Bd3 Bxd3
9.Qxd3 e6 10.O-O Be7 11.h3 Rc8 12.Rfc1 O-O 13.Na4 Ne4 14.Ne5 Nb4 15.Qb3 f6
16.Nf3 b5 17.Nc5 Nxc5 18.dxc5 Nc6 19.a4 Na5 20.Qd1 b4 21.Nd4 Qd7 22.c6 Nxc6
23.Nxc6 Rxc6 24.Rxc6 Qxc6 25.Rc1 Qb6 26.e4 d4 27.Bc7 Qa7 28.Qb3 Rf7 29.Qxe6 Bf8
30.Qb3 Bc5 31.Bf4 h6 32.Qd5 g5 33.Bg3 d3 34.Rxc5 Kg7 35.e5 f5 36.e6 d2 37.exf7 Qxc5
38.Be5+ Kg6 39.Qxd2 Kxf7 40.Bd6 Qc6 41.Qxb4 Ke6 42.Bc5 f4 43.Qb6  1-0

[Event "4th Kesarovski - Georgiev Memorial"]
[Site "Sunny Beach BUL"]
[Date "2005.09.17"]
[Round "2"]
[White "Iotov,V"]
[Black "Jordanov,Nikolay"]
[Result "1-0"]
[WhiteElo "2447"]
[BlackElo "2257"]

1.d4 d5 2.Nf3 Nf6 3.c4 c6 4.Nc3 a6 5.c5 Nbd7 6.Bf4 Nh5 7.Bd2 Nhf6 8.h3 g6
9.Bf4 Bg7 10.e3 O-O 11.Be2 Ne4 12.O-O Nxc3 13.bxc3 e5 14.Bg3 Qe7 15.c4 dxc4
16.Bxc4 b6 17.Nxe5 Nxe5 18.dxe5 Qxc5 19.Rc1 Qa5 20.Qd6 Bf5 21.e6 fxe6 22.Bxe6+ Kh8
23.Bxf5 Qxf5 24.Rxc6 Rf6 25.Qc7 Qb5 26.Rxf6 Bxf6 27.Rd1 Qc5 28.Qb7 Re8 29.Rd6 Be5
30.Rd7  1-0

[Event "EYb16"]
[Site "Herceg Novi SCG"]
[Date "2005.09.18"]
[Round "5"]
[White "Lapcevic,M"]
[Black "Jurcik,Mart"]
[Result "1/2-1/2"]
[WhiteElo "2269"]
[BlackElo "2145"]

1.d4 d5 2.c4 c6 3.Nf3 Nf6 4.Nc3 a6 5.a4 e6 6.Bg5 Nbd7 7.e3 Bb4 8.Bd3 Qa5
9.O-O Bxc3 10.bxc3 Qxc3 11.c5 Qa5 12.Nd2 O-O 13.f4 Re8 14.Rf3 Nf8 15.Bxf6 gxf6
16.Rg3+ Ng6 17.h4 Kh8 18.h5 Ne7 19.Nf1 f5 20.Rb1 Qd8 21.Qe1 Rg8 22.Rh3 f6
23.Qh4 Qf8 24.a5 Rg4 25.Qf2 Ng8 26.Nh2 Rg7 27.Kh1 Nh6  1/2-1/2

[Event "ProMoPro Open"]
[Site "Prague CZE"]
[Date "2005.09.19"]
[Round "5"]
[White "Masek,M"]
[Black "Londyn,R"]
[Result "1/2-1/2"]
[WhiteElo "2220"]
[BlackElo "2350"]

1.d4 d5 2.c4 c6 3.Nc3 Nf6 4.Nf3 a6 5.a4 e6 6.c5 b6 7.cxb6 Qxb6 8.a5 Qb7 9.g3 Bb4
10.Bg2 Nbd7 11.O-O O-O 12.Bf4 c5 13.Bd6 Rd8 14.Be7 Re8 15.Bxf6 Nxf6 16.Ne5 Rb8
17.e3 Bd7 18.dxc5 Bxc5 19.Nxd7 Nxd7 20.Qa4 Red8 21.Rfb1 Bb4 22.Ne2 Nc5 23.Qa2 Qb5
24.Nd4 Qd7 25.Rd1 Nb7 26.Nc2 Qe7 27.Bf1 Bxa5 28.Bxa6 Bb6 29.Bf1 Nd6 30.Qa6 Qf6
31.Bd3 g6 32.b4 h5 33.h4 Qf3 34.Be2 Qf5 35.Bd3 Ne4 36.Bxe4 Qxe4 37.Qd3 Qxd3
38.Rxd3 Rdc8 39.Ra2 Rc4 40.Rb2 Rbc8 41.Nd4 Bxd4 42.Rxd4 Rxd4 43.exd4 Kf8
44.Kf1 Ke7 45.Ke2 Kd7 46.Kd3 Rc4 47.b5 Kc7 48.Ra2 Kb6 49.Ra6+ Kxb5 50.Ra7 f6
51.Rb7+ Ka4 52.Re7 Rc6 53.f4 Rc1 54.Rxe6 Rg1 55.Rxf6 Rxg3+ 56.Kd2 Kb4 57.f5 gxf5
58.Rxf5 Kc4 59.Rxh5 Kxd4 60.Rg5  1/2-1/2

[Event "4th Kesarovski - Georgiev Memorial"]
[Site "Sunny Beach BUL"]
[Date "2005.09.20"]
[Round "5"]
[White "Collas,S"]
[Black "Vasilev,M"]
[Result "1/2-1/2"]
[WhiteElo "2372"]
[BlackElo "2419"]

1.Nf3 d5 2.d4 Nf6 3.c4 c6 4.Nc3 a6 5.c5 Nbd7 6.Bf4 Nh5 7.Bd2 Nhf6 8.Bf4 Nh5
9.Bd2 g6 10.e4 dxe4 11.Nxe4 Bg7 12.Bc4 O-O 13.Qb3 Ndf6 14.Nc3 Qc7 15.Ne5 Nd5
16.O-O Be6 17.Bxd5 cxd5 18.Rfe1 Rad8 19.Qa3 Bc8 20.Nd1 Rde8 21.Ba5 Qb8 22.Qf3 Nf6
23.Nc3 Be6 24.h3  1/2-1/2

[Event "EYg16"]
[Site "Herceg Novi SCG"]
[Date "2005.09.21"]
[Round "7"]
[White "Gunina,V"]
[Black "Kruljac,P"]
[Result "1-0"]
[WhiteElo "2394"]
[BlackElo "2017"]

1.d4 d5 2.c4 c6 3.Nf3 Nf6 4.Nc3 a6 5.e3 b5 6.c5 g6 7.Qb3 Nbd7 8.a4 Bb7 9.e4 dxe4
10.Ng5 e6 11.Ngxe4 Nd5 12.Bd3 Be7 13.O-O O-O 14.Bh6 Re8 15.Rae1 N7f6 16.Qd1 b4
17.Nxd5 Qxd5 18.Ng5 Bf8 19.Bxf8 Rxf8 20.Nf3 a5 21.Re5 Qd7 22.Qd2 Kg7 23.h4 Ba6
24.Bxa6 Rxa6 25.h5 Nxh5 26.Rxh5 gxh5 27.Qg5+ Kh8 28.Qf6+ Kg8 29.Qg5+ Kh8
30.Ne5 Qxd4 31.Qf6+ Kg8 32.Re1 Qd8 33.Qh6 f6 34.Re3 Qd1+ 35.Kh2 fxe5 36.Rg3+ Kf7
37.Rg7+ Ke8 38.Qxe6+ Kd8 39.Qe7+ Kc8  1-0

[Event "EYb16"]
[Site "Herceg Novi SCG"]
[Date "2005.09.23"]
[Round "9"]
[White "Lapcevic,M"]
[Black "Krivoborodov,E"]
[Result "1/2-1/2"]
[WhiteElo "2269"]
[BlackElo "2390"]

1.d4 d5 2.c4 c6 3.Nf3 Nf6 4.Nc3 a6 5.a4 e6 6.Bg5 Nbd7 7.e3 Qa5 8.cxd5 exd5
9.Bd3 Ne4 10.O-O Nxg5 11.Nxg5 Be7 12.Qh5 Bxg5 13.Qxg5 O-O 14.Qe7 Nf6 15.b4 Qd8
16.Qxd8 Rxd8 17.b5 axb5 18.axb5 Be6 19.bxc6 bxc6 20.Na4 Nd7 21.Rfc1 Rdc8
22.Kf1 Ra5 23.Nc3 Rxa1 24.Rxa1 c5 25.Bb5 Nf8 26.dxc5 Rxc5 27.Rc1 Bf5 28.Ke2  1/2-1/2

[Event "EYb14"]
[Site "Herceg Novi SCG"]
[Date "2005.09.23"]
[Round "9"]
[White "Benidze,D"]
[Black "Salgado Lopez,I"]
[Result "1-0"]
[WhiteElo "2243"]
[BlackElo "2340"]

1.d4 d5 2.c4 c6 3.Nf3 Nf6 4.Nc3 a6 5.e3 b5 6.b3 Bg4 7.Be2 e6 8.O-O Nbd7 9.h3 Bh5
10.Nd2 Bg6 11.Bf3 b4 12.Na4 Bd6 13.Re1 Ne4 14.Bxe4 dxe4 15.a3 c5 16.axb4 cxd4
17.exd4 Bxb4 18.Ba3 Bxa3 19.Rxa3 f5 20.c5 O-O 21.Nc4 Qh4 22.d5 Bh5 23.Qd2 Nf6
24.d6 f4 25.b4 e3 26.Nxe3 Ne4 27.Qa2 fxe3 28.Raxe3 Nxf2 29.Nb6 Rad8 30.Qxe6+ Bf7
31.Qe7 Qxb4 32.Nd7 Rxd7 33.Qxd7 Qxc5 34.Kh2 Qd4 35.Rf3 Ne4 36.Rxf7 Rxf7 37.Qe8+ Rf8
38.Qe6+ Kh8 39.Rxe4 Qb6 40.Rf4 Rg8 41.h4 h6 42.Qe7 Qb8 43.Kh3 a5 44.Rg4 Qb3+
45.Rg3 Qb4 46.Rf3 Qb8 47.d7 Qd8 48.Re3 Kh7 49.Qe4+ Kh8 50.Qe8 Kh7 51.Qxg8+ Qxg8
52.Re8 Qb3+ 53.Kh2 Qb4 54.d8=Q Qf4+ 55.Kh3 Qf5+ 56.Kg3 Qg6+ 57.Kh2  1-0

[Event "4th Kesarovski - Georgiev Memorial"]
[Site "Sunny Beach BUL"]
[Date "2005.09.24"]
[Round "9"]
[White "Dobrev,N"]
[Black "Bozov,A"]
[Result "1-0"]
[WhiteElo "2426"]
[BlackElo "2091"]

1.d4 d5 2.Nf3 Nf6 3.c4 c6 4.Nc3 a6 5.cxd5 cxd5 6.Bf4 e6 7.Ne5 Nbd7 8.e3 b5
9.Bd3 Bb7 10.O-O Nxe5 11.dxe5 Nd7 12.Qg4 g6 13.Bg3 Qb6 14.Qe2 Bg7 15.f4 Nc5
16.b4 Nxd3 17.Qxd3 O-O 18.Ne2 Rfc8 19.Be1 Rc4 20.Bc3 Rac8 21.Bd4 Qc7 22.a3 a5
23.Bc5 Bf8 24.Bxf8 Kxf8 25.Nd4 Ba6 26.h4 h5 27.Qd2 Rc3 28.Rfb1 a4 29.Rd1 Qe7
30.Qf2 R8c4 31.Qe1 Qc7 32.Kf2 Ke8 33.Ne2 Rc2 34.Rd2 Bc8 35.Rxc2 Rxc2 36.Rc1 Rc4
37.Rxc4 dxc4 38.Nc3 Qc6 39.Qd2 Bb7 40.e4 Qb6+ 41.Qe3 Qxe3+ 42.Kxe3 Bc6 43.f5 Kf8
44.Kf4 Kg7 45.g3 Kh6 46.f6 Kh7 47.Ke3 Kh6 48.Kd4 g5 49.Kc5 Be8 50.Kd6 gxh4
51.gxh4 Kg6 52.Ne2 Kh7 53.Ke7 Bc6 54.Kxf7 Bxe4 55.Ke7  1-0

[Event "Belgrade Premier League"]
[Site "Belgrade SCG"]
[Date "2005.10.04"]
[Round "4"]
[White "Todorovic,GN"]
[Black "Popchev,M"]
[Result "1-0"]
[WhiteElo "2421"]
[BlackElo "2457"]

1.d4 Nf6 2.c4 c6 3.Nc3 d5 4.Nf3 a6 5.a4 e6 6.e3 c5 7.Bd3 Nc6 8.O-O Nb4 9.b3 Be7
10.Ba3 O-O 11.Na2 Nxd3 12.Qxd3 b6 13.dxc5 bxc5 14.cxd5 Bb7 15.Rfc1 Rc8 16.b4 Bxd5
17.bxc5 Qa5 18.Nb4 Qxa4 19.Qxa6 Qxa6 20.Nxa6 Ne4 21.Nd4 g6 22.f3 Nf6 23.Nb4 e5
24.e4 Bxe4 25.fxe4 exd4 26.Nd5 Rfe8 27.c6 Bd8 28.c7 Nxe4 29.cxd8=Q Rcxd8
30.Ne7+ Kg7 31.Nc6 Rd5 32.Nxd4 f6 33.Nf3 g5 34.Re1 Kg6 35.Bb2 g4 36.Nd4 h5
37.Ne2 Rf5 38.Ng3 Rf2 39.Bd4 Rd2 40.Bb6 f5 41.Nxe4 fxe4 42.Be3 Rc2 43.Ra6+ Kg7
44.Ra5  1-0

[Event "Open A"]
[Site "Hamburg GER"]
[Date "2005.10.04"]
[Round "4"]
[White "Kengis,E"]
[Black "Degtiarev,E"]
[Result "1-0"]
[WhiteElo "2528"]
[BlackElo "2372"]

1.Nf3 d5 2.d4 Nf6 3.c4 c6 4.Nc3 a6 5.c5 Bg4 6.Ne5 Bf5 7.f3 g6 8.e4 Be6 9.Be3 Bg7
10.Be2 O-O 11.Qd2 Ne8 12.O-O-O b6 13.cxb6 Qxb6 14.Na4 Qc7 15.Nc5 Nd6 16.h4 dxe4
17.fxe4 Bxa2 18.h5 f6 19.hxg6 fxe5 20.Rxh7 Rf6 21.Rxg7+ Kxg7 22.dxe5 Rxg6
23.exd6 exd6 24.Qc3+ Kg8 25.Rh1 Rg7 26.b3  1-0

[Event "Open A"]
[Site "Hamburg GER"]
[Date "2005.10.04"]
[Round "4"]
[White "Kempinski,R"]
[Black "Rogozenko,D"]
[Result "1/2-1/2"]
[WhiteElo "2619"]
[BlackElo "2526"]

1.d4 d5 2.c4 c6 3.Nc3 Nf6 4.Nf3 a6 5.e3 b5 6.b3 Bg4 7.Bd3 e6 8.O-O Nbd7 9.Ne2 Bd6
10.cxd5 cxd5 11.Bb2 Qb8 12.h3 Bh5 13.Rc1 Bg6 14.Rc6 Ng8 15.Ne5 Ne7 16.Nxg6 hxg6
17.Rc2 Qb7 18.Qd2 O-O 19.Rfc1 Rfc8 20.f3 Rxc2 21.Rxc2 Rc8 22.Rxc8+ Qxc8 23.Qc1 Qxc1+
24.Bxc1 Kf8 25.Kf2 Ke8 26.a4 bxa4 27.bxa4 Nb8 28.e4 Kd7 29.g4 Nc8 30.Nf4 Nb6
31.a5 Nc4 32.exd5 exd5 33.Nxd5 Nxa5 34.Nb6+ Kc7 35.Nc4 Nxc4 36.Bxc4 f6 37.h4 a5
38.Bb5 Nc6 39.Ke3 Bg3 40.h5 gxh5 41.gxh5 Ne7 42.Bd2 Kb6 43.Bd7 Bd6 44.Ke4 Kc7
45.Ba4 Bb4 46.Bc1 Bd6 47.Be8 Kd8 48.Bb5 Kc7 49.Ba4 Bb4 50.Bb3 Bd6 51.f4 Kc6
52.f5 Kb5 53.Be6 Kb6 54.Bd7 Kc7 55.Ba4 Nc8 56.Bd2 Bb4 57.Bf4+ Bd6  1/2-1/2

[Event "Vojvodina Quality League"]
[Site "Pancevo SCG"]
[Date "2005.10.04"]
[Round "2"]
[White "Kitic,D"]
[Black "Visnjic,D"]
[Result "1-0"]
[WhiteElo "2263"]
[BlackElo "2168"]

1.d4 d5 2.c4 c6 3.Nf3 Nf6 4.Nc3 a6 5.e3 b5 6.b3 Bg4 7.Be2 Bxf3 8.Bxf3 e6
9.O-O Nbd7 10.Qc2 Rc8 11.e4 b4 12.e5 bxc3 13.exf6 Nxf6 14.Qxc3 Be7 15.c5 Nd7
16.b4 O-O 17.Re1 Re8 18.Bf4 Nf8 19.h3 g6 20.Be2 Ra8 21.a4 g5 22.Bg3 Ng6 23.b5 axb5
24.axb5 cxb5 25.Bxb5 Rf8 26.Rxa8 Qxa8 27.c6 Nf4 28.Bxf4 gxf4 29.c7 Bd6 30.Bd7 Rc8
31.Bxc8 Qxc8 32.Rc1 Kf8 33.Qc6 Ke7 34.Qb6 Kd7 35.Qc6+ Ke7 36.Kf1 h5 37.Ke2 h4
38.Kf3 f6 39.Rb1 Bxc7 40.Rb7 Kd8 41.Ra7 Qd7 42.Ra8+ Ke7 43.Qxd7+ Kxd7 44.Rh8 e5
45.dxe5 fxe5 46.Rxh4 e4+ 47.Ke2 d4 48.g3  1-0

[Event "Open A"]
[Site "Hamburg GER"]
[Date "2005.10.06"]
[Round "6"]
[White "Shchekachev,A"]
[Black "Wemmers,X"]
[Result "1-0"]
[WhiteElo "2564"]
[BlackElo "2414"]

1.Nf3 Nf6 2.c4 c6 3.d4 d5 4.Nc3 a6 5.Qb3 e6 6.Bg5 Be7 7.e3 O-O 8.Qc2 b5 9.c5 Nbd7
10.Bd3 h6 11.Bf4 Re8 12.O-O Bxc5 13.dxc5 e5 14.Bg3 e4 15.Bxe4 Nxe4 16.Nxe4 Rxe4
17.Nd4 Qf6 18.Qd2 Qg6 19.Qa5 Nf8 20.Qd8 h5 21.f3 Rxe3 22.Rae1 Qd3 23.Bf2 Rxe1
24.Rxe1 Qg6 25.Bg3 Qd3 26.Nxc6 Qd2 27.Ne7+ Kh7 28.Nxd5 Qxb2 29.Qg5 Qd4+ 30.Bf2  1-0

[Event "FSGM October"]
[Site "Budapest HUN"]
[Date "2005.10.08"]
[Round "8"]
[White "Berczes,D"]
[Black "Czebe,A"]
[Result "1/2-1/2"]
[WhiteElo "2475"]
[BlackElo "2497"]

1.d4 d5 2.c4 c6 3.Nf3 Nf6 4.Nc3 a6 5.a4 e6 6.e3 a5 7.Be2 Be7 8.O-O O-O 9.b3 Na6
10.Ba3 Bxa3 11.Rxa3 Qe7 12.Ra1 Nb4 13.Rc1 Rb8 14.Ne5 Nd7 15.Nd3 dxc4 16.bxc4 e5  1/2-1/2

[Event "Open A"]
[Site "Hamburg GER"]
[Date "2005.10.08"]
[Round "8"]
[White "Christ,R"]
[Black "Huschenbeth,N"]
[Result "1-0"]
[WhiteElo "2314"]
[BlackElo "2248"]

1.Nf3 d5 2.d4 Nf6 3.c4 c6 4.Nc3 a6 5.e3 b5 6.c5 Nbd7 7.b4 g6 8.a4 Bb7 9.Bd3 Bg7
10.O-O O-O 11.Bb2 Qc7 12.Qe2 Rfe8 13.h3 e5 14.Nxe5 Nxe5 15.dxe5 Rxe5 16.axb5 axb5
17.Rxa8+ Bxa8 18.Qc2 Re8 19.Ra1 Nd7 20.Ne2 Ne5 21.Bd4 Bb7 22.Qc3 Bc8 23.f4 Nxd3
24.Qxd3 Bf5 25.Qc3 Bxd4 26.Nxd4 Be4 27.Ra6 Qb7 28.Qa1 h6 29.Ra7 Qc8 30.Qa6 Qd8
31.Qxc6 Rf8 32.Qxb5 Qh4 33.Qe2 Re8 34.Qf2 Qh5 35.Ra1 g5 36.c6 Kh8 37.fxg5 Qxg5
38.Ra2 Rg8 39.Qf4 Qg6 40.Rf2 Bxg2 41.Qf6+ Qxf6 42.Rxf6 Bxh3+ 43.Kh2 Kg7 44.Rf2 Bg4
45.b5 Kf8 46.b6 Ke7 47.b7 Rb8 48.Rg2 h5 49.Rxg4  1-0

[Event "TCh-BEL 2005-6"]
[Site "Belgium BEL"]
[Date "2005.10.09"]
[Round "1"]
[White "Tjiam,D"]
[Black "Saltaev,M"]
[Result "1/2-1/2"]
[WhiteElo "2355"]
[BlackElo "2498"]

1.d4 d5 2.c4 c6 3.Nf3 Nf6 4.Nc3 a6 5.g3 g6 6.Bg2 Bg7 7.O-O dxc4 8.a4 Nd5
9.a5 O-O 10.Qa4 Be6 11.Ne4 b5 12.axb6 Nxb6 13.Qc2 Bd5 14.Rd1 N8d7 15.Nc3 f6
16.e4 Bf7 17.Be3 Qc7 18.d5 cxd5 19.exd5 Nc5 20.Nd4 Nb3 21.Nxb3 cxb3 22.Qxb3 Nc4
23.Bf4 Nd6 24.Ne4 Rfb8 25.Qa3 Rb6 26.Rac1 Qd8 27.Nxd6 exd6 28.Be3 Rb5 29.Rc6 Bf8
30.Rxa6 Rxa6 31.Qxa6 Rxb2  1/2-1/2

[Event "Open A"]
[Site "Hamburg GER"]
[Date "2005.10.09"]
[Round "9"]
[White "Halkias,S"]
[Black "Degtiarev,E"]
[Result "1-0"]
[WhiteElo "2540"]
[BlackElo "2372"]

1.d4 d5 2.c4 c6 3.Nc3 Nf6 4.Nf3 a6 5.c5 Bg4 6.Ne5 Be6 7.Bf4 Nbd7 8.Nd3 g6
9.e3 Bg7 10.Be2 O-O 11.O-O Ne4 12.f3 Nxc3 13.bxc3 f5 14.Rb1 Ra7 15.Qd2 Re8
16.Rb3 Nf8 17.Qe1 Bd7 18.Qg3 Ne6 19.Be5 Rf8 20.Rfb1 Bxe5 21.Nxe5 f4 22.exf4 Nxf4
23.Bf1 Bc8 24.Qh4 Qc7 25.Re1 Nh5 26.Bd3 Rf6 27.Qf2 Ng7 28.Qe2 Bf5 29.Bxf5 gxf5
30.f4 Ra8 31.Reb1 Ra7 32.h3 Ne6 33.Qf2 Kh8 34.Kh1 Qc8 35.Re1 Ra8 36.Reb1 Nd8
37.c4 dxc4 38.Nxc4 Qe6 39.Nb6 Ra7 40.Re1 Qf7 41.Rbe3 e6 42.Qh4  1-0

[Event "Cupa ULIM"]
[Site "Kishinev MDA"]
[Date "2005.10.11"]
[Round "4"]
[White "Mutu,V"]
[Black "Babei,A"]
[Result "1-0"]
[WhiteElo "2160"]
[BlackElo "1904"]

1.d4 d5 2.c4 c6 3.Nc3 Nf6 4.Nf3 a6 5.c5 Nbd7 6.Bf4 Nh5 7.e3 g6 8.Bg5 Bg7
9.Be2 O-O 10.O-O Nhf6 11.Qc2 Qc7 12.Bf4 Qd8 13.h3 Ne8 14.Rfd1 Nc7 15.Bg3 Re8
16.b4 e5 17.e4 exd4 18.Nxd4 dxe4 19.Nxe4 Nd5 20.Rab1 N7f6 21.Nd6 Re7 22.Bf3 a5
23.b5 cxb5 24.N4xb5 Be6 25.a3 Bf5 26.Nxf5 gxf5 27.Qxf5 Qd7 28.Rxd5 Nxd5 29.Qxd5 Qxd5
30.Bxd5 Rc8 31.Bd6 Rd7 32.Na7 Ra8 33.Rxb7 Rxb7 34.Bxb7 Rxa7 35.c6  1-0

[Event "12th Young Masters"]
[Site "Zug SUI"]
[Date "2005.10.11"]
[Round "4"]
[White "Gasthofer,A"]
[Black "Kurmann,O"]
[Result "1/2-1/2"]
[WhiteElo "2418"]
[BlackElo "2287"]

1.Nf3 Nf6 2.c4 c6 3.d4 d5 4.Nc3 a6 5.c5 Nbd7 6.Bf4 Nh5 7.e3 Nxf4 8.exf4 b6
9.b4 g6 10.Be2 Bg7 11.Rc1 O-O 12.O-O a5 13.a3 axb4 14.axb4 bxc5 15.bxc5 Qc7
16.g3 Re8 17.Re1 Ba6 18.Qc2 Bxe2  1/2-1/2

[Event "12th Young Masters"]
[Site "Zug SUI"]
[Date "2005.10.12"]
[Round "5"]
[White "Kuemin,S"]
[Black "Van Delft,M"]
[Result "1/2-1/2"]
[WhiteElo "2373"]
[BlackElo "2385"]

1.d4 d5 2.c4 c6 3.Nf3 Nf6 4.Nc3 a6 5.Bg5 Ne4 6.Bf4 Nxc3 7.bxc3 dxc4 8.g3 b5
9.Bg2 Bb7 10.Ne5 Qc8 11.Rb1 Nd7 12.Nxc4 bxc4 13.Qa4 Ra7 14.O-O e6 15.Be3 Bd6
16.d5 c5 17.dxe6 Bxg2 18.exd7+ Qxd7 19.Qxd7+ Kxd7 20.Kxg2 Kc6  1/2-1/2

[Event "TCh-CZE Extraliga 2005-6"]
[Site "Czech Rep CZE"]
[Date "2005.10.15"]
[Round "1"]
[White "Cech,P"]
[Black "Jirka,J"]
[Result "0-1"]
[WhiteElo "2420"]
[BlackElo "2387"]

1.d4 d5 2.c4 c6 3.Nc3 Nf6 4.Nf3 a6 5.c5 g6 6.Bf4 Nh5 7.Be5 f6 8.Bg3 e5 9.e4 Nxg3
10.hxg3 dxe4 11.Nxe4 Bf5 12.Nc3 Nd7 13.Be2 Qc7 14.O-O O-O-O 15.b4 exd4 16.Na4 d3
17.Bxd3 Bxd3 18.Qxd3 Nxc5 19.Qc2 Nxa4 20.Qxa4 Bd6 21.Qb3 Rhe8 22.a3 Qb6 23.Nd2 Bc7
24.Nc4 Qb5 25.Rad1 Kb8 26.a4 Qg5 27.Qf3 h5 28.Ne3 Rxd1 29.Rxd1 Bxg3 30.b5 axb5
31.axb5 cxb5 32.Rd7 Bc7 33.g3 Rxe3 34.Qxe3 Qxe3 35.fxe3 Bxg3 36.Rd5 b4 37.Kf1 Be5
38.Rb5 Bc3 39.Ke2 Kc7 40.Kd3 g5 41.Kc4 h4 42.Rc5+ Kd7 43.Rb5 Kc6  0-1

[Event "Chigorin Mem"]
[Site "St Petersburg RUS"]
[Date "2005.10.16"]
[Round "2"]
[White "Popov,Val"]
[Black "Akimov,I"]
[Result "1-0"]
[WhiteElo "2588"]
[BlackElo "2434"]

1.d4 d5 2.c4 c6 3.Nc3 Nf6 4.Nf3 a6 5.c5 Nbd7 6.Bf4 Nh5 7.e3 Nxf4 8.exf4 b6
9.b4 g6 10.Bd3 Bg7 11.Rc1 O-O 12.O-O Qc7 13.g3 Re8 14.Qc2 bxc5 15.bxc5 Nf8
16.Rfe1 Bg4 17.Ne5 Bh3 18.Qa4 Bd7 19.Re2 Bf6 20.Nxd7 Qxd7 21.Rce1 e6 22.h4 Qc7
23.Rb1 Reb8 24.Rxb8 Rxb8 25.Qxa6 e5 26.f5 Qd7 27.Bc2 gxf5 28.Ba4 f4 29.Qxc6 Qg4
30.Bb3 exd4 31.Qxd5  1-0

[Event "Chigorin Mem"]
[Site "St Petersburg RUS"]
[Date "2005.10.18"]
[Round "4"]
[White "Davydov,S1"]
[Black "Akimov,I"]
[Result "1-0"]
[WhiteElo "2242"]
[BlackElo "2434"]

1.c4 Nf6 2.Nf3 c6 3.d4 d5 4.Nc3 a6 5.c5 Nbd7 6.Bf4 Nh5 7.e3 Nxf4 8.exf4 b6
9.b4 g6 10.Bd3 Bg7 11.Rc1 Qc7 12.g3 O-O 13.O-O a5 14.cxb6 Nxb6 15.b5 Bg4
16.Be2 Bxf3 17.Bxf3 e6 18.bxc6 Nc4 19.Nb5 Qb6 20.a4 Rac8 21.c7 Rfe8 22.Qd3 Re7
23.Rc2 Rexc7 24.Nxc7 Rxc7 25.Re2 Bxd4 26.Rb1 Qa7 27.Kg2 Kg7 28.h4 Bf6 29.Rc2 Qc5
30.Kg1 Be7 31.h5 Bf6 32.Rb5 Qd6 33.Be2 Na3 34.Rxc7 Nxb5 35.h6+ Kxh6 36.Rxf7 Nd4
37.Rxf6  1-0

[Event "4NCL 2005-6"]
[Site "Birmingham ENG"]
[Date "2005.10.22"]
[Round "1"]
[White "Arkell,K"]
[Black "Haslinger,S"]
[Result "1-0"]
[WhiteElo "2475"]
[BlackElo "2426"]

1.Nf3 d5 2.d4 Nf6 3.c4 c6 4.Nc3 a6 5.e3 e6 6.Qc2 c5 7.cxd5 exd5 8.Be2 Nc6
9.O-O Be6 10.Rd1 Nb4 11.Qb1 Qc8 12.e4 Nxe4 13.Nxe4 Bf5 14.Nfg5 h6 15.Re1 hxg5
16.Bg4 dxe4 17.Bxf5 Qxf5 18.Rxe4+ Kd8 19.Re8+ Kc7 20.Qxf5 Rxe8 21.Bxg5 f6
22.Bf4+ Kc6 23.dxc5 Bxc5 24.Rc1 b6 25.a3 Nd5 26.b4 Nc3 27.bxc5 Ne2+ 28.Kf1 Nxc1
29.Bxc1 bxc5 30.Be3 Re5 31.Qd3 Rhe8 32.g3 a5 33.a4 Rb8 34.Qa6+ Rb6 35.Qxa5 Rd5
36.Qa8+ Kd6 37.Bf4+ Ke6 38.Qc8+ Rd7 39.Qxc5 Rb1+ 40.Kg2 Rbb7 41.a5 Ra7 42.Qc6+ Kf7
43.Be3  1-0

[Event "II Open"]
[Site "Calvia ESP"]
[Date "2005.10.22"]
[Round "3"]
[White "Pogorelov,R"]
[Black "Rodriguez Lopez,R"]
[Result "1/2-1/2"]
[WhiteElo "2439"]
[BlackElo "2246"]

1.Nf3 d5 2.d4 Nf6 3.c4 c6 4.Nc3 a6 5.c5 g6 6.Bf4 Bg7 7.e3 O-O 8.h3 Re8 9.Be2 Nfd7
10.e4 dxe4 11.Nxe4 Nf6 12.Nxf6+ exf6 13.O-O Be6 14.b3 Nd7 15.Bc4 b5 16.Bxe6 fxe6
17.Bd6 Bf8 18.Bg3 e5 19.dxe5 Nxe5 20.Nxe5 fxe5 21.Qc2 Qd4 22.Rfd1 Qxc5 23.Qxc5 Bxc5
24.Rac1 Bd4 25.Rxc6 Kf7 26.Kf1 a5 27.Rdc1 Ra7 28.Bh4 Rea8 29.Ke2 a4 30.b4 a3
31.f3 Rd7 32.R1c2 Ra4 33.Be1 Ra8 34.Rc7 Ra7 35.Rxa7 Bxa7 36.Rc6 Bd4 37.Ra6 Rc7
38.Rxa3 Rc2+ 39.Bd2 Ke6 40.Kd3 Rb2 41.Ra5 Kd6 42.Rxb5 Rxa2 43.Ra5 Rb2 44.Ra8 Rb1
45.Ra2 Kd5 46.Ra5+ Ke6 47.Ra6+ Kd5 48.Ra5+ Ke6 49.Ra2 Kd5  1/2-1/2